000 00706nam a22001937a 4500
999 _c189628
_d189628
005 20220708103311.0
010 _aUR-11635
020 _a9789391238629
_c300.00
035 _aU-10190
037 _bDBAD/PUB
_a-
082 _a843.08
100 _aحمیرہ تسلیم
245 _aاردو فکشن میں ہند وستا نی تہزیب کی عکا سی /
_cحمیرہ تسلیم
_hا ر د و
246 _aUrdu Fiction me Hindustani Tehzeeb Ki Akkasi /
_bby Humera Tasleem
260 _aNew Delhi
_bEducational Publishing House
_c2021 ء
270 _aH.o. D1/16, Ansari Road, Daryaganj
_bNew Delhi
_e110002
300 _a182 ص
_c22cm(Hb)
942 _2ddc
_cUR
_h843.08
_mح م ی